000 00400nam a2200145Ia 4500
008 230917s9999||||xx |||||||||||||| ||und||
040 _e136519
_aMAIN
041 _aEnglish
082 _a822.09 B813M
100 _aBrown, John Russel
245 0 _aModern british dramatists: a collection of critical essays
260 _aNew York
_bPrentice Hall of India
_c1980
300 _a176p p.
942 _cBK
999 _c216970
_d216970